| 000 | 00853nam a2200277 i 4500 | ||
|---|---|---|---|
| 001 | 89500 | ||
| 003 | ES-MaACL | ||
| 005 | 20250803121218.0 | ||
| 007 | t| | ||
| 008 | 050111s1983 sp |||| | spa d | ||
| 080 | _a1 Chuang-tzu | ||
| 080 | _a1 Lao-tse | ||
| 080 | _a299.513 | ||
| 245 | 0 | 0 |
_aDos grandes maestros del taoismo / _cLao Tse, Chuang Tzu ; edición preparada por Carmelo Elorduy. |
| 250 | _a2ª ed. | ||
| 260 |
_aMadrid : _bEditora Nacional, _c1983. |
||
| 300 |
_a646 p. ; _c18 cm. |
||
| 490 | 1 | _aBiblioteca de la literatura y el pensamiento universales | |
| 600 | 0 | 4 |
_aLaozi _9241542 |
| 600 | 0 | 4 |
_aChuang-tzu. _938679 |
| 650 | 0 | 4 |
_aTaoísmo. _917283 |
| 700 | 1 |
_aElorduy, Carmelo. _947075 |
|
| 830 | 0 |
_aBiblioteca de la literatura y el pensamiento universales _9182217 |
|
| 852 |
_aES-MaACL _jL-4389 |
||
| 999 |
_c89500 _d89500 |
||